[Event "45th Olympiad 2024"]
[Site "Budapest HUN"]
[Date "2024.09.22"]
[Round "11.83"]
[Board "1"]
[White "D'Amico, Nicola"]
[Black "Kumar, Manoj"]
[Result "1/2-1/2"]
[WhiteElo "1801"]
[BlackElo "1951"]
[PlyCount "71"]
[EventDate "2024.09.11"]
[WhiteTeam "San Marino"]
[BlackTeam "Fiji"]
[WhiteTeamCountry "SMR"]
[BlackTeamCountry "FIJ"]

1. e4 e5 2. Nf3 Nc6 3. Bc4 Bc5 4. O-O Nf6 5. d3 d6 6. c3 a6 7. a4 Ba7 8. Nbd2 O-O 9. Re1 Ne7 10. Nf1 Ng6 11. b4 c6 12. Bb3 h6 13. h3 Re8 14. Be3 ({RR} 14. Ng3 d5 15. c4 a5 16. b5 d4 17. Nf5 Bc5 18. g4 Nh7 19. Kh2 Ng5 20. Rg1 Ra7 21. Rb1 b6 22. Ra1 Kh7 23. Rg3 Ne6 24. g5 Nef4 25. h4 h5 26. Ne1 Kg8 27. Ng2 Be6 28. Nxf4 exf4 {½-½ Arun,K (2054)-Otsuka,S (2312) Slovakia Chess Open 2024 (1.41)}) 14... d5 $146 ({RR} 14... Bb8 15. Ng3 d5 16. Nh2 Be6 17. Bc2 Qd7 18. d4 dxe4 19. dxe5 Qxd1 20. Raxd1 Bxe5 21. Bd4 Bd5 22. Nhf1 b5 23. a5 Re6 24. Nd2 Bxd4 25. cxd4 Rae8 26. Nb3 Nd7 27. Re3 Nf4 28. Nd2 Nd3 29. Rb1 {0-1 Berescu,A (2429)-Parligras,M (2565) TCh-ROU Rapid 2022 (4.7)}) 15. Bxa7 Rxa7 16. Ng3 Ra8 17. Qc2 Qc7 18. d4 dxe4 19. Nxe4 Nxe4 20. Qxe4 Be6 21. Bxe6 Rxe6 22. Nxe5 Rae8 23. Qd3 Nxe5 24. Rxe5 Rxe5 25. dxe5 Qxe5 26. Rd1 g6 27. Qd7 Re7 28. Qd8+ Kg7 29. Qd3 a5 30. Qd4 Qxd4 31. Rxd4 axb4 32. cxb4 Re1+ 33. Kh2 Rb1 34. a5 Kf6 35. a6 bxa6 36. Rd6+ 1/2-1/2

[Event "45th Olympiad 2024"]
[Site "Budapest HUN"]
[Date "2024.09.22"]
[Round "11.83"]
[Board "2"]
[White "Prasad, Rudr"]
[Black "Righi, Ezio"]
[Result "0-1"]
[WhiteElo "1777"]
[BlackElo "1909"]
[PlyCount "64"]
[EventDate "2024.09.11"]
[WhiteTeam "Fiji"]
[BlackTeam "San Marino"]
[WhiteTeamCountry "FIJ"]
[BlackTeamCountry "SMR"]

1. d4 d5 2. c4 e6 3. g3 c6 4. Bg2 dxc4 5. a4 Nf6 6. Nc3 Bb4 7. Nf3 c5 $146 ({RR} 7... Ne4 8. Qc2 Qa5 9. Qxe4 Bxc3+ 10. Nd2 Bb4 11. Qc2 c3 12. bxc3 Bxc3 13. Rb1 O-O 14. e3 e5 15. dxe5 Qxe5 16. O-O Na6 17. Nc4 Qf6 18. Ba3 Rd8 19. Nd6 Bb4 20. Nxf7 Rd2 21. Qc1 Bxa3 22. Qxd2 {0-1 Gjorgjevski,J (2002)-Semsiu,A (1895) Skopje op 19th 2011 (9)}) 8. O-O cxd4 9. Nxd4 O-O 10. e3 Qe7 11. Qe2 e5 12. Nc2 Be6 13. Nxb4 Qxb4 14. Bd2 Qe7 15. a5 Na6 16. Qf3 Nc5 17. Nb5 a6 18. Na3 Nb3 19. Rad1 Nxd2 20. Rxd2 c3 21. Rc2 cxb2 22. Nc4 Rac8 23. Qe2 Qc7 24. Na3 Qxa5 25. Rxc8 Rxc8 26. Qxb2 b5 27. Rc1 Rxc1+ 28. Qxc1 b4 29. Qc6 h6 30. Nb1 b3 31. Be4 Nxe4 32. Qxe4 Bd5 0-1

[Event "45th Olympiad 2024"]
[Site "Budapest HUN"]
[Date "2024.09.22"]
[Round "11.83"]
[Board "3"]
[White "Volpinari, Danilo"]
[Black "Terubea, Ronald"]
[Result "1-0"]
[WhiteElo "1939"]
[BlackElo "1836"]
[PlyCount "71"]
[EventDate "2024.09.11"]
[WhiteTeam "San Marino"]
[BlackTeam "Fiji"]
[WhiteTeamCountry "SMR"]
[BlackTeamCountry "FIJ"]

1. e4 {Mueller,Karsten} d5 2. exd5 Nf6 3. d4 Nxd5 4. Nf3 Bf5 5. Be2 e6 6. O-O Be7 7. a3 ({RR} 7. c3 O-O 8. Qb3 Qc8 9. Na3 c5 ({RR} 9... Nd7 10. Nc4 c5 11. Nce5 Nxe5 12. dxe5 Qc7) 10. c4 Nb4 11. Be3 N8c6 12. dxc5 ({RR} 12. d5 Na5 13. Qa4 b6 14. dxe6 Bxe6) 12... Na6 13. Nb5 ({RR} 13. Qb5 Nc7 14. Qa4 Bf6 15. Nb5 Bxb2 16. Nd6) 13... Nxc5 14. Qa3 b6 15. Nfd4 Be4 16. Nxc6 Qxc6 17. f3 Bg6 18. b4 Nd7 19. Qb3 a6 20. Nd4 Qc7 {½-½ Nunn,J (2620)-Rausis,I (2490) Hastings 9798 1997 (1)}) 7... c6 ({RR} 7... a5 8. c4 Nb6 9. Nc3 O-O 10. Bf4 c5 11. Nb5 Na6 12. Qd2 Bf6 13. Rad1 Bg4 14. h3 Bxf3 15. Bxf3 cxd4 16. Bxb7 Nxc4 17. Qc2 Qb6 18. Bxa6 Nxa3 19. bxa3 Rxa6 20. a4 e5 21. Bd2 Raa8 22. Rc1 {1-0 De Winter,A (2411)-Godding,M (1892) 26th HZ Open 2024 (1.11)}) 8. c4 Nc7 9. Be3 $146 ({RR} 9. Nc3 Bf6 10. h3 h6 11. Bf4 O-O 12. Qb3 b6 13. Rad1 Nba6 14. Ne5 Bxe5 15. Bxe5 f6 16. Bg3 Qe8 17. Rd2 Rd8 18. Re1 Rf7 19. Bh5 g6 20. Bf3 Re7 21. Bxc7 Rxc7 22. g4 Rg7 23. gxf5 gxf5+ {1-0 Khazankin,M (2145)-Husser,O (1977) Wch Seniors 18th 2008 (5)}) ({RR} 9. Nc3 O-O 10. Qb3 {½-½ Schaffarth,M (1789)-Feicht,R (1490) Bad Woerishofen op 17th 2001 (9)}) 9... Nd7 10. Nc3 O-O 11. Qd2 Bf6 12. Rfd1 Qe7 13. Rac1 Rfd8 14. Qe1 h6 15. h3 Nf8 16. Ne5 c5 17. Nf3 cxd4 18. Nxd4 Bxd4 19. Bxd4 e5 20. Bf3 Re8 21. Be3 e4 22. Be2 Bg6 23. Nd5 Nxd5 24. cxd5 Qh4 25. Rc7 b6 26. Rdc1 f5 27. Qd2 Bf7 28. Kh2 Red8 29. g3 Qf6 30. Bc4 Ng6 31. Bd4 Ne5 32. Qf4 Nf3+ 33. Qxf3 Qxd4 34. Qxf5 Bxd5 35. Bxd5+ Rxd5 36. Rxg7+ 1-0

[Event "45th Olympiad 2024"]
[Site "Budapest HUN"]
[Date "2024.09.22"]
[Round "11.83"]
[Board "4"]
[White "Maharaj, Yash Krishen"]
[Black "Piva, Michele"]
[Result "0-1"]
[WhiteElo "1847"]
[BlackElo "1721"]
[PlyCount "70"]
[EventDate "2024.09.11"]
[WhiteTeam "Fiji"]
[BlackTeam "San Marino"]
[WhiteTeamCountry "FIJ"]
[BlackTeamCountry "SMR"]

1. e4 c5 2. Nf3 Nc6 3. d4 cxd4 4. Nxd4 g6 5. c4 Bg7 6. Be3 Nf6 7. Nc3 d6 8. f3 O-O 9. Qd2 Bd7 10. Be2 Rc8 11. O-O Ne5 12. b3 Ne8 13. Bh6 $146 ({RR} 13. Rac1 Nc7 14. Rfd1 a6 15. h3 Nc6 16. Nc2 f5 17. Bb6 Bxc3 18. Qxc3 Nd5 19. exd5 Qxb6+ 20. Kh2 Ne5 21. f4 Nf7 22. Bf1 Qf2 23. Qd4 Qh4 24. Re1 Rce8 25. Re3 Nh6 26. g3 Qf6 27. Rce1 Qxd4 {1-0 Miron,L (2081)-Adam,A (1726) ROM-ch sf U16 2002 (4)}) ({RR} 13. Rad1 f5 14. exf5 gxf5 15. Nd5 Ng6 16. Bg5 Nc7 17. Nf4 Nxf4 18. Qxf4 Rf7 19. Bh4 Qf8 20. Qd2 f4 21. Rfe1 Be5 22. Bf1 Qh6 23. Bf2 Qh5 24. Nc2 Rf6 25. Rxe5 Qxe5 26. Bd4 Qg5 27. Bxf6 Qxf6 {1-0 Piasetski,L (2310)-Brunello,S (2583) Groningen op-A 50th 2012 (4)}) ({RR} 13. Kh1 a6 14. Rac1 Nc6 15. Rfd1 Nxd4 16. Bxd4 f5 17. Bxg7 Kxg7 18. e5 Be6 19. exd6 Qxd6 20. Qe3 Qc6 21. f4 Rf6 22. Bf3 Qc7 23. Nd5 Bxd5 24. cxd5 Qd7 25. Rxc8 Qxc8 26. Qxe7+ Rf7 27. Qe5+ Nf6 {1-0 Sibajeva,M (1723)-Butvilaite,B (1598) LTU-ch U16 Girls 2014 (3)}) ({RR} 13. Rac1 a5 14. Ndb5 f5 15. Nd5 Bxb5 16. cxb5 Rxc1 17. Rxc1 e6 18. Rc8 Qd7 19. Nb6 Qf7 20. exf5 Qxf5 21. f4 Ng4 22. h3 Nxe3 23. Qxe3 e5 24. Bg4 Qb1+ 25. Kh2 Bh6 26. Nd5 Qxa2 27. Qc3 a4 {1-0 Nojszewski,A (1995)-Gabrys,S (1826) Polanica Zdroj op-B 44th 2008 (1)}) 13... Qa5 14. Rac1 a6 15. Rfd1 Qc5 16. Nd5 Nc6 17. Bxg7 Kxg7 18. Kh1 e6 19. Ne3 Nf6 20. Nxc6 Rxc6 21. b4 Qb6 22. Rc2 Rfc8 23. Rdc1 Qd8 24. g3 b5 25. cxb5 Rxc2 26. Rxc2 Rxc2 27. Qxc2 axb5 28. Qc3 Kg8 29. Kg2 h5 30. h3 Ne8 31. Nc2 Qb6 32. Nd4 Nc7 33. Bd3 e5 34. Nc2 Ne6 35. Ne3 Qxe3 0-1

[Event "45th Olympiad 2024"]
[Site "Budapest HUN"]
[Date "2024.09.22"]
[Round "11.84"]
[Board "2"]
[White "Weldegebriel Beraki, Kibrom"]
[Black "Veer Gandhi"]
[Result "1-0"]
[WhiteElo "1885"]
[BlackElo "1792"]
[PlyCount "83"]
[EventDate "2024.09.11"]
[WhiteTeam "Eritrea"]
[BlackTeam "Tanzania"]
[WhiteTeamCountry "ERI"]
[BlackTeamCountry "TAN"]

1. d4 d5 2. c4 e6 3. Nc3 Nf6 4. cxd5 exd5 5. Bg5 c6 6. Qc2 Be7 7. e3 a5 8. Bd3 h6 9. Bh4 O-O 10. Nge2 Re8 ({RR} 10... Na6 11. a3 Re8 12. O-O Nc7 13. Na4 Ne6 14. Bxf6 Bxf6 15. b4 b5 16. Nc5 Nxc5 17. Qxc5 Bd7 18. Qc3 Ra7 19. Rfb1 Be7 20. Nc1 Bd6 21. Nb3 a4 22. Nc5 Bc8 23. e4 dxe4 24. Bxe4 Qc7 25. Qf3 {½-½ Kollars,D (2627)-Kryvoruchko,Y (2669) POL-chT Ekstraliga 2022 (2.1)}) 11. O-O Nbd7 12. f3 Nf8 ({RR} 12... c5 13. Rad1 c4 14. Bf5 Nf8 15. Bxc8 Rxc8 16. e4 dxe4 17. Bxf6 exf3 18. Bxe7 Qxe7 19. Rxf3 Ng6 20. Ng3 Nh4 21. Rf2 Rcd8 22. Nf5 Nxf5 23. Qxf5 f6 24. h3 Qe3 25. d5 Re5 26. Qf4 Qc5 27. Qd4 {1-0 Tang,A (2502)-Mkrtchyan,M (2071) Titled Tue 30th Apr Late 2024 (2)}) 13. e4 $146 ({RR} 13. Rae1 Ne6 14. Qd2 Ne4 15. fxe4 Bxh4 16. g3 dxe4 17. Nxe4 Be7 18. N2c3 b5 19. Qf2 Rf8 20. Rd1 Nc7 21. Nd2 Bh3 22. Rfe1 Ne8 23. Nf3 Bd6 24. e4 Bc7 25. e5 Bb6 26. Be4 Rc8 27. Qd2 f5 {0-1 Yastrebova,T (1852)-Brunello,S (2505) 4th Valencia Cuna Open 2023 (1.3)}) 13... dxe4 14. fxe4 Ng4 15. Bxe7 Qxe7 16. Rf3 Ne6 17. h3 Nf6 18. Raf1 Qd8 19. d5 Ng5 20. R3f2 cxd5 21. exd5 Qd6 22. Nb5 Qe5 23. Nc7 Bxh3 24. Nxe8 Ng4 25. Rf4 Qe3+ 26. R1f2 Nxf2 27. Rxf2 Rxe8 28. Nf4 Bg4 29. d6 Qg3 30. Be2 Bxe2 31. d7 Rf8 32. Qxe2 Qh4 33. Ng6 Nh3+ 34. gxh3 Qg5+ 35. Rg2 Qc1+ 36. Kh2 Qc7+ 37. Ne5 Rd8 38. Kh1 Qc1+ 39. Rg1 Qf4 40. Rf1 Qg3 41. Rf3 Qh4 42. Nxf7 1-0

[Event "45th Olympiad 2024"]
[Site "Budapest HUN"]
[Date "2024.09.22"]
[Round "11.84"]
[Board "3"]
[White "Lusako, Shedrack"]
[Black "Lilay Weldu Gebru"]
[Result "1-0"]
[WhiteElo "1760"]
[BlackElo "1977"]
[PlyCount "99"]
[EventDate "2024.09.11"]
[WhiteTeam "Tanzania"]
[BlackTeam "Eritrea"]
[WhiteTeamCountry "TAN"]
[BlackTeamCountry "ERI"]

1. e4 c5 2. Nf3 d6 3. d4 cxd4 4. Nxd4 Nf6 5. Nc3 a6 6. a4 e6 7. Bc4 Be7 8. O-O Nc6 9. Be3 O-O 10. h3 ({RR} 10. Re1 Bd7 11. Nb3 Rc8 12. a5 Ne5 13. Be2 Nc4 14. Bxc4 Rxc4 15. Bb6 Qc8 16. Qd3 e5 17. Nd2 Rc6 18. Nf1 Bd8 19. Be3 h6 20. f3 Be6 21. Qd2 b5 22. axb6 Bxb6 23. Kh1 Rd8 24. Qf2 Bc7 {0-1 Afanasiev,N (2519)-Dominguez Perez,L (2758) Titled Tuesday intern op 01st Dec blitz 2020 (7)}) 10... Bd7 11. Qe2 ({RR} 11. f4 Nxe4 12. Nxe4 d5 13. f5 dxc4 14. f6 gxf6 15. Bh6 f5 16. Bxf8 Kxf8 17. Nf2 Bf6 18. Ne2 Be8 19. Qc1 Bg5 20. Qe1 Qa5 21. Qxa5 Nxa5 22. Rfd1 Bf6 23. Rab1 Bxa4 24. Ra1 b5 25. Nc3 Bxc2 {0-1 Manelyuk,D (2267)-Pingin,A (2409) ch-RUS Junior 2024 (3.4)}) 11... Qc7 12. Nxc6 $146 ({RR} 12. Rfd1 Rac8 13. Nb3 Ne5 14. Bd3 Nxd3 15. Qxd3 Bc6 16. Bf4 Rfd8 17. Qe3 b6 18. Rd2 Qb7 19. Re1 d5 20. exd5 Nxd5 21. Nxd5 Bxd5 22. Red1 Bxg2 23. Be5 Rxd2 24. Rxd2 Be4 25. Bc3 Bg6 26. Nd4 Bf6 {0-1 Eynard,V-Sines,J Venice tt 1966 (1)}) ({RR} 12. g4 Rac8 13. Ba2 Nxd4 14. Bxd4 e5 15. Be3 Bc6 16. Qf3 b6 17. g5 Nxe4 18. Nxe4 Qb7 19. Nxd6 Bxd6 20. Qg3 Bf3 21. Rfe1 Bb8 22. c3 Kh8 23. Bb1 f5 24. gxf6 gxf6 25. Kf1 Bh5 26. f3 e4 {1-0 Wirius,J (2280)-Kobermeyer,J AUT-chT2O 9293 1992}) 12... Bxc6 13. f3 Rfd8 14. Bd3 d5 15. exd5 exd5 16. Qf2 Qd6 17. Ne2 Nh5 18. c3 Re8 19. f4 g6 20. f5 Bh4 21. Qxh4 Rxe3 22. fxg6 hxg6 23. Qd4 Rae8 24. Rf2 Ng3 25. Nxg3 Qxg3 26. Bc2 R8e5 27. Qf4 Qxf4 28. Rxf4 Re2 29. Rf2 Kg7 30. Raf1 f5 31. Rxe2 Rxe2 32. Rf2 Re1+ 33. Kh2 Ra1 34. Bb3 Kf6 35. Kg3 g5 36. h4 g4 37. Kf4 Re1 38. Bc2 a5 39. Bxf5 Bxa4 40. Kxg4 Bd1+ 41. Kf4 b5 42. g4 Rh1 43. Kg3 Ke5 44. g5 b4 45. cxb4 axb4 46. g6 Bh5 47. g7 Bf7 48. Bh7 Rg1+ 49. Rg2 Rxg2+ 50. Kxg2 1-0

[Event "45th Olympiad 2024"]
[Site "Budapest HUN"]
[Date "2024.09.22"]
[Round "11.84"]
[Board "4"]
[White "Samuel Merhawi Gebrehiwet"]
[Black "Henry Marwa Michael"]
[Result "1-0"]
[WhiteElo "1788"]
[BlackElo "1715"]
[PlyCount "45"]
[EventDate "2024.09.11"]
[WhiteTeam "Eritrea"]
[BlackTeam "Tanzania"]
[WhiteTeamCountry "ERI"]
[BlackTeamCountry "TAN"]

1. e4 b6 2. d4 Bb7 3. Nc3 e6 4. a3 Nf6 5. Bd3 d5 6. e5 Nfd7 7. Nce2 c5 8. c3 Nc6 ({RR} 8... Ba6 9. Nf3 Bxd3 10. Qxd3 Qc8 11. O-O a5 12. Be3 Qa6 13. Qd2 a4 14. Rac1 Nc6 15. c4 cxd4 16. Nexd4 Nxd4 17. Qxd4 dxc4 18. Rfd1 Rd8 19. Bg5 Bc5 20. Qd2 O-O 21. Bxd8 Rxd8 22. Qg5 Qc8 23. Rxc4 {1-0 Klekowski,M (2512)-Tabatabaei,M (2629) Titled Tuesday intern op 27th Oct blitz 2020 (5)}) 9. f4 cxd4 $146 ({RR} 9... Qc7 10. Nf3 O-O-O 11. Be3 h6 12. Rc1 f5 13. exf6 gxf6 14. O-O e5 15. fxe5 fxe5 16. dxe5 Ndxe5 17. Nxe5 Nxe5 18. Bf5+ Kb8 19. Bf4 Bd6 20. Kh1 Rdf8 21. Bh3 Nc4 22. Bxd6 Qxd6 23. Ng3 Nxb2 24. Qh5 {0-1 Guzman Lozano,C (1837)-Kopczynski,M (2225) Titled Tue 2nd Jan Early 2024 (3)}) ({RR} 9... g6 10. Nf3 Be7 11. O-O Qc7 12. Be3 Na5 13. Nd2 Qc6 14. Ng3 Nc4 15. Nxc4 dxc4 16. Be4 Qc7 17. Qf3 O-O-O 18. d5 exd5 19. Bxd5 b5 20. Bxb7+ Qxb7 21. Qxb7+ Kxb7 22. Rfd1 Nb6 23. Ne4 Kc6 24. Kf2 {0-1 Lauritson,J-Chranowski,R Canadian op Edmonton 2000 (7)}) ({RR} 9... Be7 10. Nf3 a6 11. O-O b5 12. f5 exf5 13. Nf4 g6 14. e6 Nf6 15. Ng5 fxe6 16. Nfxe6 Qd7 17. Ng7+ Kf8 18. N7e6+ Ke8 19. Bf4 Rc8 20. Nxc5 Bxc5 21. dxc5 Kf8 22. Qd2 Kg7 23. Rae1 Rhe8 24. Bd6 {1-0 Jimenez Ortiz,G (1924)-Cabot Muntane,J (1854) Barcelona Paredes Memorial 19th 2017 (2)}) 10. cxd4 Rc8 11. Nf3 f5 12. exf6 Nxf6 13. Ng3 Bd6 14. O-O Qd7 15. Ne5 Bxe5 16. fxe5 O-O 17. exf6 gxf6 18. Bh6 Rf7 19. Qg4+ Rg7 20. Bxg7 Qxg7 21. Qxe6+ Qf7 22. Bxh7+ Kg7 23. Nf5+ 1-0

[Event "45th Olympiad 2024"]
[Site "Budapest HUN"]
[Date "2024.09.22"]
[Round "11.85"]
[Board "1"]
[White "Khan, Taffin"]
[Black "Kamara, Ansumana"]
[Result "0-1"]
[WhiteElo "2066"]
[BlackElo "1876"]
[PlyCount "64"]
[EventDate "2024.09.11"]
[WhiteTeam "Guyana"]
[BlackTeam "Sierra Leone"]
[WhiteTeamCountry "GUY"]
[BlackTeamCountry "SIE"]

1. Nf3 {ChessBase} Nf6 2. g3 g6 3. d4 Bg7 4. c4 c6 5. Bg2 O-O 6. O-O d5 7. Nbd2 Na6 8. c5 $146 ({RR} 8. cxd5 cxd5 9. b3 Qa5 10. Bb2 Bf5 11. a3 Rac8 12. Ne1 Qc7 13. e3 Qd7 14. b4 Rc7 15. f3 Bh3 16. Nd3 Bxg2 17. Kxg2 Nb8 18. Qb3 Rfc8 19. Rac1 Rxc1 20. Rxc1 Rxc1 21. Bxc1 Bh6 22. Nc5 Qb5 {1-0 Alatortsev,V-Ebralidze,A URS-ch10 Final 1937 (10)}) ({RR} 8. b3 c5 9. Bb2 b6 10. dxc5 Nxc5 11. b4 Ne6 12. cxd5 Nxd5 13. Bxg7 Kxg7 14. Qb3 Bb7 15. Rfd1 Nf6 16. Nc4 Qc7 17. Rac1 Rac8 18. Qb2 Qb8 ({RR} 18... Rfd8) 19. Bh3 b5 20. Bxe6 fxe6 21. Nce5 Rxc1 22. Rxc1 Qd6 {1-0 Gelfand,B (2735)-Jumabayev,R (2607) Moscow Aeroflot op-A 15th 2016 (9)}) ({RR} 8. b3 Bd7 9. Bb2 Rb8 10. Re1 b5 11. c5 Ne4 12. Nxe4 dxe4 13. Ne5 Qc7 14. Nxd7 Qxd7 15. Bxe4 Rfd8 16. e3 Qe6 17. Qf3 Nxc5 18. Bxc6 Nd3 19. Re2 Nxb2 20. Rxb2 b4 21. Rc2 Rd6 22. Rac1 Qf6 {1-0 Pagonis,I (1796)-Haddad,G (1812) 50th TCh-GRE 2023 (7.4)}) ({RR} 8. a3 c5 9. cxd5 Nxd5 10. dxc5 Nxc5 11. Qc2 Qb6 12. e4 Nf6 13. b4 Ncxe4 14. Nxe4 Nxe4 15. Be3 Qc6 16. Qxc6 bxc6 17. Nd4 Nd2 18. Nxc6 Nxf1 19. Rxf1 Ba6 20. Rb1 Bf6 21. Nxa7 Rab8 22. Nc6 Rbc8 {½-½ Wachs,S-Pavey,M USA-ch New York 1954 (3)}) ({RR} 8. Re1 Be6 9. c5 b6 10. Qa4 Qc8 11. b4 Nd7 12. Nb3 Bg4 13. Bd2 Bxf3 14. Bxf3 e5 15. e3 b5 16. Qa3 Nc7 17. Bg2 e4 18. Na5 Ne6 19. Qb3 Nf6 20. Qd1 Ng5 21. Qe2 Qd7 22. h4 Ne6 {1-0 Heinicke,H-Bialas,W Hamburg 1955 (9)}) 8... Nd7 9. e4 e5 10. exd5 cxd5 11. dxe5 Ndxc5 12. Nb3 Bf5 13. Be3 Nd3 14. Bd4 Nab4 15. Nh4 Nxe5 16. Nxf5 gxf5 17. Bc5 Ned3 18. Bxf8 Kxf8 19. Qh5 Nxb2 20. Qxf5 d4 21. a3 Nc6 22. Rab1 d3 23. Nd2 Qa5 24. Bd5 Qc7 25. Rfc1 Re8 26. Be4 Qd6 27. Qc5 Qxc5 28. Rxc5 Na4 29. Rc4 Nc3 30. Rxb7 Na5 31. Rbb4 Nxc4 32. Rxc4 Nxe4 0-1

[Event "45th Olympiad 2024"]
[Site "Budapest HUN"]
[Date "2024.09.22"]
[Round "11.85"]
[Board "2"]
[White "Winston Gerald, Mansfield Thomas"]
[Black "Nathoo, Loris"]
[Result "1-0"]
[WhiteElo "1950"]
[BlackElo "1788"]
[PlyCount "91"]
[EventDate "2024.09.11"]
[WhiteTeam "Sierra Leone"]
[BlackTeam "Guyana"]
[WhiteTeamCountry "SIE"]
[BlackTeamCountry "GUY"]

1. d4 Nf6 2. c4 g6 3. Nc3 Bg7 4. Nf3 d6 5. Bg5 O-O 6. e3 Nbd7 7. Be2 c5 8. Qc2 cxd4 ({RR} 8... b6 9. Rd1 Bb7 10. O-O a6 11. a4 cxd4 12. exd4 Qc7 13. b3 Rac8 14. Rfe1 d5 15. Bh4 dxc4 16. bxc4 Bxf3 17. gxf3 {½-½ Kovacevic,V (2499)-Brkic,A (2521) Stari Mikanovci Jaric Memorial rapid 2008 (2)}) 9. exd4 ({RR} 9. Nxd4 Nc5 10. O-O Ne6 11. Bh4 Nxd4 12. exd4 Qb6 13. d5 Qd4 14. Bg3 Bf5 15. Qb3 Nd7 16. Rfd1 Qb6 17. Qxb6 Nxb6 18. Rac1 Rac8 19. b3 Bh6 20. Ra1 Bc2 21. Rf1 Bd2 22. Nb5 Bf5 23. Nxa7 Ra8 {0-1 Da Silva,D (1750)-Baptista,A (1900) Niteroi op 2nd 2022 (7)}) 9... Qa5 $146 ({RR} 9... d5 10. c5 Nb8 11. b4 a6 12. Ne5 Ne4 13. Nxe4 Bf5 14. Qd2 Bxe4 15. f3 Bf5 16. Bh6 Bxh6 17. Qxh6 f6 18. g4 fxe5 19. gxf5 Rxf5 20. dxe5 Nc6 21. f4 Qf8 22. Qxf8+ Raxf8 23. O-O-O d4 24. Rhf1 {½-½ Knezevic,M-Velimirovic,D Yugoslavia  1973}) 10. O-O e5 11. Bh4 a6 12. Rad1 Nh5 13. Be7 Re8 14. Bxd6 exd4 15. Nxd4 Qb6 16. Nb3 Ndf6 17. c5 Qb4 18. Rd4 Bf5 19. Qd1 a5 20. a3 Qxd4 21. Nxd4 Bd7 22. Bf3 Bc8 23. Ndb5 Rd8 24. Nc7 Ra7 25. N3b5 Ra6 26. Nxa6 bxa6 27. Nc7 Nf4 28. Bxf4 Rxd1 29. Rxd1 Nd7 30. c6 Nf8 31. Rd8 Bf5 32. Bd6 Bc2 33. Nxa6 Bb3 34. c7 Be6 35. c8=Q Bxc8 36. Rxc8 a4 37. Nc5 h5 38. Nd7 g5 39. Nxf8 g4 40. Be4 Bxf8 41. Rxf8+ Kg7 42. Bb4 h4 43. Bd5 h3 44. Rxf7+ Kh6 45. Be4 g3 46. Bd2+ 1-0

[Event "45th Olympiad 2024"]
[Site "Budapest HUN"]
[Date "2024.09.22"]
[Round "11.85"]
[Board "3"]
[White "Sandiford, Keron"]
[Black "Adeshole Beckley, Brian"]
[Result "1/2-1/2"]
[WhiteElo "1755"]
[BlackElo "1814"]
[PlyCount "112"]
[EventDate "2024.09.11"]
[WhiteTeam "Guyana"]
[BlackTeam "Sierra Leone"]
[WhiteTeamCountry "GUY"]
[BlackTeamCountry "SIE"]

1. Nf3 d5 2. d4 Nf6 3. e3 Bg4 4. c4 e6 5. h3 Bh5 6. Bd3 ({RR} 6. Nbd2 Nbd7 7. Qb3 Rb8 8. Ne5 Nxe5 9. dxe5 dxc4 10. Bxc4 Nd7 11. Qc3 b5 12. Bb3 c5 13. a3 Bg6 14. e4 c4 15. Bc2 Bc5 16. O-O O-O 17. Nf3 h6 18. Bf4 Qe7 19. Bg3 Rfc8 20. Bh4 Qe8 {1-0 Cherednichenko,S (2279)-Shulman,Y (2594) Reykjavik op 2012 (2)}) ({RR} 6. g4 Bg6 7. Nc3 a6 8. Ne5 Nc6 9. Nxg6 hxg6 10. cxd5 Nxd5 11. e4 Nxc3 12. bxc3 Be7 13. Bg2 Qd7 14. a4 Rd8 15. Qe2 Nxd4 16. cxd4 Qxd4 17. Bb2 Bb4+ 18. Kf1 Bc3 19. Bxc3 Qxc3 20. Rd1 Rxd1+ {1-0 Rubio Rivera,F (1460)-Rodriguez Basciano,J Madrid-ch Previa-A 2022 (3)}) 6... Be7 $146 ({RR} 6... c5 7. Nbd2 Nc6 8. cxd5 Nxd5 9. O-O cxd4 10. g4 dxe3 11. gxh5 exd2 12. Qxd2 Bd6 13. Qg5 Qxg5+ 14. Bxg5 h6 15. Bd2 Bf4 16. Bb5 Bxd2 17. Nxd2 Nf4 18. h4 Ke7 19. Rac1 Rac8 20. Rc5 Nd4 21. Rxc8 {0-1 Frank,R (1375)-Olson,D (1400) San Francisco TNM Fall op 2011 (8)}) 7. Nc3 O-O 8. O-O c5 9. dxc5 dxc4 10. Bxc4 Qxd1 11. Rxd1 Bxf3 12. gxf3 Bxc5 13. e4 Nc6 14. Bg5 Nh5 15. Kg2 h6 16. Be3 Bxe3 17. fxe3 Rfd8 18. Bb5 Ne7 19. Rd4 a6 20. Ba4 e5 21. Rxd8+ Rxd8 22. Rd1 Rxd1 23. Bxd1 Nc6 24. Nd5 Kf8 25. Ba4 b5 26. Bd1 Nf6 27. Nc7 Nb8 28. Bb3 Nfd7 29. Bd5 b4 30. a3 a5 31. axb4 axb4 32. Kf2 Ke7 33. Bc4 g5 34. Kg3 Nb6 35. Nd5+ Nxd5 36. Bxd5 Nd7 37. Kg4 Kf6 38. h4 gxh4 39. Kxh4 Kg6 40. Kg4 Nc5 41. Bc4 Na4 42. b3 Nc3 43. f4 h5+ 44. Kh4 Nxe4 45. Bd3 Kf5 46. fxe5 Kxe5 47. Kxh5 f5 48. Kg6 Nd2 49. Bxf5 Nxb3 50. Bc2 Nd2 51. Kg5 Nc4 52. e4 Nd2 53. Kg4 Nxe4 54. Kf3 Nc3 55. Ke3 Kd5 56. Bb3+ Kc5 1/2-1/2

[Event "45th Olympiad 2024"]
[Site "Budapest HUN"]
[Date "2024.09.22"]
[Round "11.85"]
[Board "4"]
[White "Abdul Rahman Toronka"]
[Black "Pitamber, Sachin Dhilan"]
[Result "0-1"]
[WhiteElo "1557"]
[BlackElo "1719"]
[PlyCount "42"]
[EventDate "2024.09.11"]
[WhiteTeam "Sierra Leone"]
[BlackTeam "Guyana"]
[WhiteTeamCountry "SIE"]
[BlackTeamCountry "GUY"]

1. e4 e5 2. Bc4 Nc6 3. Nc3 Bc5 4. d3 Nf6 5. Na4 ({RR} 5. Nge2 d6 6. Na4 Bb6 7. f4 d5 8. Nxb6 axb6 9. exd5 Nxd5 10. O-O O-O 11. f5 Na5 12. Bxd5 Qxd5 13. f6 Bg4 14. Qd2 gxf6 15. Ng3 Rad8 16. Ne4 Qxe4 17. dxe4 Rxd2 18. Bxd2 Kg7 19. h3 Be6 {1-0 Lioe,D (2370)-Barus,C (2445) Jakarta op 2000 (6)}) 5... Be7 6. Bd2 $146 ({RR} 6. f4 d5 7. exd5 Bg4 8. Qd2 Nxd5 9. Bxd5 Qxd5 10. Nc3 Bh4+ 11. Kf1 Qd7 12. g3 Be7 13. h3 Be6 14. Qg2 O-O-O 15. Nf3 f6 16. Be3 exf4 17. Bxf4 g5 18. Be3 h5 19. a3 h4 20. g4 f5 {0-1 Sedgwick,D (2125)-Raoof,A (2070) Newport Rating 1997 (5)}) ({RR} 6. Nf3 d6 7. a3 O-O 8. O-O Bg4 9. Be3 Nd4 10. Bxd4 exd4 11. b4 Nd7 12. h3 Bxf3 13. Qxf3 Ne5 14. Qe2 Nxc4 15. dxc4 c5 16. bxc5 dxc5 17. Nb2 b6 18. a4 Bd6 19. f4 Re8 20. Qf3 Bc7 {1-0 Yeletsky,I (2504)-Ismayil,M (2200) Titled Tue 20th Feb Early 2024 (5)}) ({RR} 6. a3 d5 7. exd5 Nxd5 8. Nc3 Nxc3 9. bxc3 O-O 10. Nf3 Bg4 11. O-O Kh8 12. h3 Bh5 13. g4 Bg6 14. Qe2 f5 15. Bb5 e4 16. Bxc6 bxc6 17. Ne5 Qe8 18. d4 Bd6 19. Bf4 fxg4 20. Qxg4 Bf5 {0-1 Meyer,J-Krebs,P Schleswig Holstein-ch 48th 1993 (8)}) ({RR} 6. Nc3 a6 7. f4 b5 8. Bd5 exf4 9. Bxf4 Nxd5 10. Nxd5 d6 11. Nf3 Bf6 12. c3 Be6 13. Nxf6+ Qxf6 14. Qd2 Ne5 15. O-O Bg4 16. Ng5 O-O 17. h3 Bd7 18. Nf3 Rae8 19. Rae1 Qg6 20. Re3 f5 {½-½ Tran,N (2035)-Shanmugam,R (2151) Phu Quoc zt 3.3 2007 (7)}) 6... O-O 7. a3 a6 8. Nc3 d6 9. h3 Be6 10. Ba2 Bxa2 11. Rxa2 d5 12. Ra1 dxe4 13. Nxe4 Nxe4 14. dxe4 Qd4 15. f3 Bh4+ 16. Ke2 Rad8 17. Be3 Qc4+ 18. Qd3 Rxd3 19. cxd3 Qc2+ 20. Bd2 Nd4+ 21. Ke3 Bg5+ 0-1